00357nam a2200145Ia 4500008004100000020001500041041001200056082001600068100001600084245004000100250000800140260003900148300000800187650001600195221030s9999 xx 000 0 und d a8178085283 aEnglish a105.23bGre aD. C. Green 0aDigital Electronicscby D. C. Green a5th bPearson EducationaNew Delhic2001 a398 aBE Computer